01132nam a22002777a 4500003000400000005001700004008004100021040002200062082001600084110002100100245011900121260004000240300001800280490000600298505001400304505004400318505001800362505016700380505003300547505008300580505001300663650004100676650004400717650004800761650004500809OSt20230726151000.0220929b |||||||| |||| 00| 0 eng d cBiblioteca Lado V a306.4bI61k aINTERARTSeautor aKARIS/bPublicación Bimestral de INTERARTS, Observatorio Europeo de Políticas culturales urbanas y Regionales/ aBarcelonabMälmo Municipalyc1998 a42p.c41x30cm a6 aEditorial aProyecto INCLUDE: Cultura y ocupación aINTERARTS´98 aDossier: América LatinatCooperación Cultural internacional y espacio euroamericano Diatriba de amor Programa URB-AL Entrevista a Nestor García Canclini  aMonsieur Oreja vous écoute aNuevos modelos de apoyo europeo a la cooperación artística transfronteriza aNoticias 2Tesauro de Arte & ArquitecturaaARTE 2Tesauro de Arte & ArquitecturaaCULTURA 2Tesauro de Arte & ArquitecturaaOCUPACIÓN 2Tesauro de Arte & ArquitecturaaNOTICIAS